Read it yourself: (Record no. 57319)

MARC details
000 -LEADER
fixed length control field 00600nam a22001817a 4500
005 - DATE AND TIME OF LATEST TRANSACTION
control field 20111005152551.0
010 ## - LCCN (DPL NO)
LC control number G-001707
020 ## - INTERNATIONAL STANDARD BOOK NUMBER
Terms of availability $ 16.95
International Standard Book Number 9788176932974
035 1d - SYSTEM CONTROL NUMBER
System control number G-001707
037 ## - SOURCE OF ACQUISITION
Source of stock number/acquisition Gift
082 ## - DEWEY DECIMAL CLASSIFICATION NUMBER
Classification number S
245 ## - TITLE STATEMENT
Title Read it yourself:
Remainder of title favourite stories for young children
260 ## - PUBLICATION, DISTRIBUTION, ETC. (IMPRINT)
Place of publication, distribution, etc Belgium
Name of publisher, distributor, etc Kids Books
Date of publication, distribution, etc (201?)
300 ## - PHYSICAL DESCRIPTION
Extent 95p.
Dimensions 26cm(Hb)
Other physical details col. ill.
942 ## - ADDED ENTRY ELEMENTS (KOHA)
Source of classification or shelving scheme Dewey Decimal Classification
Item type Children Books
Classification part S
Call number suffix RED
Holdings
Withdrawn status Lost status Not for loan Collection code Home library Current library Date acquired Source of acquisition Cost, normal purchase price Full call number Barcode Copy number Cost, replacement price Koha item type
      Fiction Janak Puri Janak Puri 05/10/2011 g 0.00 S RED G-001707 1 0.00 Children Books

© Delhi Public Library
Hit Counter
free hit counter